| 000 | 00854cam a2200313 4500500 | ||
|---|---|---|---|
| 005 | 20260329004302.0 | ||
| 041 | _afre | ||
| 042 | _adc | ||
| 100 | 1 | 0 |
_aSorente, Isabelle _eauthor |
| 245 | 0 | 0 | _aPlaire, émouvoir, convaincre. L’art de l’éloquence |
| 260 | _c2019. | ||
| 500 | _a87 | ||
| 690 | _aArguments | ||
| 690 | _aBertrand Périer | ||
| 690 | _aDémocratie | ||
| 690 | _aÉloquence | ||
| 690 | _aGérald Bronner | ||
| 690 | _aOral | ||
| 690 | _aOrateur | ||
| 690 | _aRhétorique | ||
| 690 | _aSchopenhauer | ||
| 690 | _aSocrate | ||
| 690 | _aStratagèmes | ||
| 690 | _aTED | ||
| 690 | _aVérité | ||
| 690 | _aVoix | ||
| 786 | 0 | _nPhilosophie magazine | 130 | 6 | 2019-06-01 | p. 19-19 | 1951-1787 | |
| 856 | 4 | 1 | _uhttps://shs.cairn.info/magazine-philosophie-magazine-2019-6-page-19?lang=fr&redirect-ssocas=7080 |
| 999 |
_c1832478 _d1832478 |
||